000 01180cam a22003614a 4500
001 1759
003 FISKH
005 20260317133601.0
008 981118s2000 nyua b 001 0 eng
010 _a 98052942
020 _a0516212184
020 _a9780516270876
040 _aDLC
_cDLC
_dDLC
_beng
042 _apcc
_alcac
050 0 0 _aQL77.5
_b.F68 2000
082 0 0 _a636.088/9
_221
100 1 _aFowler, Allan.
245 1 0 _aAnimals in the zoo /
_cby Allan Fowler.
260 _aNew York :
_bChildren's Press,
_cc2000.
300 _a31 pages :
_bcolor illustrations ;
_c19 cm.
440 0 _aRookie read-about science
505 _aH
520 _aExamines a variety of zoo animals and their housing, including elephants, bears, reptiles, and killer whales.
521 8 _a450
_bLexile
521 8 _aH
_bRaz-Plus
650 0 _aZoo animals
_xJuvenile literature.
650 1 _aZoo animals.
650 1 _aZoos.
906 _a7
_bcbc
_corignew
_d1
_eocip
_f19
_gy-gencatlg
942 _2ddc
_cBK
_n0
999 _c1759
_d1759